| 000 | 00888nmm a2200265 a 4500 | ||
|---|---|---|---|
| 001 | ocm0001732392 | ||
| 003 | TR-IsHL | ||
| 005 | 20201028170825.0 | ||
| 008 | 180131s2014 tu tur | ||
| 007 | cr cn | ||
| 020 | _a9786051291260 | ||
| 035 |
_a1732392 _b(N$T) |
||
| 050 | 0 | 4 |
_aPN6065.G64 _bÖ95 2014 |
| 090 | 0 | 4 |
_aPN6065.G64 _bÖ95 2014 |
| 100 | 1 | _aGüneş, Hasan | |
| 245 | 1 | 0 |
_aÖzlü hikayeler: dünya halk edebiyatından seçme _h[electronic resource] / _cHasan Güneş |
| 260 |
_aİstanbul : _bAkis Kitap, _c2014 |
||
| 300 | _a297 p. | ||
| 650 | 4 | _aDil ve Edebiyat | |
| 650 | 4 | _aLanguage and Literature | |
| 650 | 0 |
_aEdebiyat, Modern _x 20. yüzyıl |
|
| 650 | 0 |
_aLiterature, Modern _x 20th century |
|
| 650 | 7 |
_aLITERARY COLLECTIONS / General _2bisacsh |
|
| 856 | 4 | 0 | _uhttp://search.ebscohost.com/login.aspx?direct=true&scope=site&db=e011xww&AN=1732392 |
| 999 |
_c16466 _d16466 |
||